[Event "Izhevsk op"]
[Site "Izhevsk"]
[Date "2009.07.20"]
[Round "6"]
[White "Grebionkin, Vladimir"]
[Black "Igambergenov, Alibek"]
[Result "1-0"]
[WhiteElo "2426"]
[BlackElo "2131"]
[PlyCount "153"]
[EventDate "2009.07.15"]
[EventType "swiss"]
[EventRounds "9"]
[EventCountry "RUS"]
[SourceTitle "EXT 2010"]
[Source "ChessBase"]
[SourceDate "2010.11.25"]
[SourceVersion "1"]
[SourceVersionDate "2010.11.25"]
[SourceQuality "1"]

1. d4 Nf6 2. c4 c5 3. Nf3 cxd4 4. Nxd4 e5 5. Nb5 d5 6. cxd5 Bc5 7. e3 0-0 8. N5c3 Bf5 9. a3 Nbd7 10. b4 Bd6 11. Nd2 e4 12. Nc4 Nb6 13. Nxd6 Qxd6 14. Bb2 Nfxd5 15. Qd4 Qf6 16. Nxd5 Nxd5 17. Qxf6 Nxf6 18. Be2 Rac8 19. Bd4 a6 20. Kd2 Rfd8 21. Rhc1 Be6 22. f3 Bd5 23. Rxc8 Rxc8 24. Rc1 Rxc1 25. Kxc1 Nd7 26. Kd2 f6 27. f4 Kf7 28. Kc3 Ke6 29. Ba7 f5 30. g4 g6 31. g5 Kd6 32. a4 Be6 33. h4 Bf7 34. Kd4 Bb3 35. a5 Kc6 36. Kc3 Bf7 37. Bd4 Bd5 38. Bg7 Kd6 39. b5 axb5 40. Bxb5 Bc6 41. Be2 Kc5 42. Bd4+ Kd6 43. h5 Nf8 44. hxg6 hxg6 45. Kb4 Ne6 46. Be5+ Kd7 47. Bc4 Ke7 48. Bf6+ Kd6 49. Bb2 Ke7 50. Ba3 Kd6 51. Bb2 Ke7 52. Be5 Kd7 53. Kc3 Ke7 54. Bd4 Kd6 55. Ba7 Bd5 56. Bb5 Bc6 57. Be2 Nd8 58. Bb6 Ne6 59. Kb4 Bd5 60. Ba7 Kd7 61. Bc5 Nc7 62. Bb6 Na6+ 63. Kc3 Nb8 64. Kd4 Ke6 65. Bb5 Nc6+ 66. Kc5 Ne7 67. Be8 Bb3 68. Bd8 Nd5 69. Kd4 Bd1 70. Bxg6 Nb4 71. Bb6 Bg4 72. Be8 Nd5 73. Bb5 Ne7 74. Bc4+ Kd7 75. Ke5 Bh5 76. Kf6 Ke8 77. Bb5+ 1-0

[Event "Privolzhskogo FO-ch"]
[Site "Togliatti"]
[Date "2007.03.23"]
[Round "2"]
[White "Grebionkin, Vladimir"]
[Black "Syrchikov, Alexander"]
[Result "1/2-1/2"]
[WhiteElo "2426"]
[BlackElo "2286"]
[PlyCount "49"]
[EventDate "2007.03.22"]
[EventType "swiss"]
[EventRounds "9"]
[EventCountry "RUS"]
[SourceTitle "EXT 2010"]
[Source "ChessBase"]
[SourceDate "2010.11.25"]
[SourceVersion "1"]
[SourceVersionDate "2010.11.25"]
[SourceQuality "1"]

1. d4 Nf6 2. c4 e6 3. Nc3 d5 4. cxd5 Nxd5 5. e4 Nxc3 6. bxc3 c5 7. Nf3 cxd4 8. cxd4 Nc6 9. Bc4 b5 10. Bd3 Bb4+ 11. Bd2 Bxd2+ 12. Qxd2 a6 13. 0-0 0-0 14. d5 Ne7 15. a4 Rb8 16. axb5 axb5 17. Rad1 exd5 18. Qf4 Rb6 19. e5 f6 20. Rfe1 Ng6 21. Bxg6 hxg6 22. exf6 Qxf6 23. Qxf6 Rbxf6 24. Rxd5 Bb7 25. Rxb5 1/2-1/2

[Event "Nezhmetdinov Memorial 28th"]
[Site "Kazan"]
[Date "2006.06.09"]
[Round "9"]
[White "Vasenev, Sergey"]
[Black "Grebionkin, Vladimir"]
[Result "0-1"]
[WhiteElo "2327"]
[BlackElo "2420"]
[PlyCount "78"]
[EventDate "2006.06.01"]
[EventType "swiss"]
[EventRounds "9"]
[EventCountry "RUS"]
[SourceTitle "CBM 112 Extra"]
[Source "ChessBase"]
[SourceDate "2006.07.14"]
[SourceVersion "1"]
[SourceVersionDate "2006.07.14"]
[SourceQuality "1"]

1. e4 c5 2. Nf3 Nc6 3. d4 cxd4 4. Nxd4 Nf6 5. Nc3 e5 6. Ndb5 d6 7. Bg5 a6 8. Na3 b5 9. Nd5 Be7 10. Bxf6 Bxf6 11. c3 0-0 12. Nc2 Rb8 13. a4 bxa4 14. Ncb4 Nxb4 15. cxb4 Bb7 16. Rxa4 Bc6 17. Bxa6 Qd7 18. b3 Bd8 19. 0-0 Bb6 20. Bc4 Bd4 21. g3 Kh8 22. Kg2 f5 23. f3 fxe4 24. fxe4 Rxf1 25. Qxf1 Bxa4 26. bxa4 Qxa4 27. h4 Qc2+ 28. Qe2 Qxe2+ 29. Bxe2 g6 30. h5 Rf8 31. Bf3 Kg7 32. hxg6 hxg6 33. b5 Kh6 34. Bg4 Rf2+ 35. Kh3 Rb2 36. Bd7 Bf2 37. Nf6 Be1 38. Ng4+ Kg5 39. Nh2 Rb3 0-1

[Event "Nezhmetdinov Memorial 28th"]
[Site "Kazan"]
[Date "2006.06.07"]
[Round "7"]
[White "Yandemirov, Valeri"]
[Black "Grebionkin, Vladimir"]
[Result "1/2-1/2"]
[WhiteElo "2520"]
[BlackElo "2420"]
[PlyCount "92"]
[EventDate "2006.06.01"]
[EventType "swiss"]
[EventRounds "9"]
[EventCountry "RUS"]
[SourceTitle "CBM 112 Extra"]
[Source "ChessBase"]
[SourceDate "2006.07.14"]
[SourceVersion "1"]
[SourceVersionDate "2006.07.14"]
[SourceQuality "1"]

1. e4 c5 2. Nf3 Nc6 3. Bb5 g6 4. 0-0 Bg7 5. c3 Nf6 6. Qa4 Qb6 7. Re1 0-0 8. d4 cxd4 9. cxd4 d5 10. e5 Ne4 11. Bxc6 Qxc6 12. Qa3 Re8 13. Be3 f6 14. Rc1 Qb6 15. Nc3 Nxc3 16. Qxc3 Bg4 17. Ne1 Rac8 18. Qd2 Bf5 19. exf6 exf6 20. Rxc8 Rxc8 21. Rc1 Rxc1 22. Qxc1 Bf8 23. a3 Qb5 24. Bd2 Qc4 25. Bc3 Bd6 26. Nc2 Qc7 27. h3 Bh2+ 28. Kh1 Bf4 29. Ne3 Be6 30. Bd2 Qd7 31. Nf1 Bd6 32. Bf4 Be7 33. Qc7 Qxc7 34. Bxc7 Kf7 35. Ne3 Ke8 36. Nd1 Kd7 37. Bf4 Kc6 38. Nc3 Bf5 39. Kg1 b5 40. Bd2 a5 41. Na2 Bb1 42. Nc1 b4 43. axb4 axb4 44. b3 Bd6 45. Kf1 g5 46. Ke2 Bc2 1/2-1/2

[Event "Privolzhskogo FO-ch"]
[Site "Izhevsk"]
[Date "2005.03.22"]
[Round "7"]
[White "Tunik, Gennady"]
[Black "Grebionkin, Vladimir"]
[Result "0-1"]
[WhiteElo "2477"]
[BlackElo "2421"]
[PlyCount "86"]
[EventDate "2005.03.16"]
[EventType "swiss"]
[EventRounds "9"]
[EventCountry "RUS"]
[SourceTitle "CBM 105 Extra"]
[Source "ChessBase"]
[SourceDate "2005.05.01"]
[SourceVersion "1"]
[SourceVersionDate "2005.05.01"]
[SourceQuality "1"]

1. d4 Nf6 2. c4 g6 3. Nc3 d5 4. cxd5 Nxd5 5. e4 Nxc3 6. bxc3 Bg7 7. Bg5 c5 8. Rc1 h6 9. Be3 Qa5 10. Qd2 cxd4 11. cxd4 Qxd2+ 12. Bxd2 0-0 13. Nf3 Bg4 14. Ne5 Bxe5 15. dxe5 Nc6 16. Bxh6 Rfc8 17. Bf4 Nb4 18. f3 Nxa2 19. Rb1 Be6 20. Kf2 Rc7 21. h4 Nc3 22. Ra1 b5 23. h5 g5 24. Bxg5 b4 25. Ba6 b3 26. Bc1 Rb8 27. Bb2 Nxe4+ 28. Ke3 Rc2 29. Bd4 Ng3 30. Bd3 Nxh1 31. Bxc2 bxc2 32. Rc1 Ng3 33. Bxa7 Rc8 34. h6 Bb3 35. Kf2 Nf5 36. g4 Nxh6 37. Be3 Kg7 38. Rh1 Ng8 39. Ra1 e6 40. Bc1 Rd8 41. Ra3 Rd1 42. Bg5 Rb1 43. Kg2 Kg6 0-1

[Event "Privolzhskogo FO-ch"]
[Site "Izhevsk"]
[Date "2005.03.18"]
[Round "3"]
[White "Iljushin, Alexei"]
[Black "Grebionkin, Vladimir"]
[Result "1-0"]
[WhiteElo "2530"]
[BlackElo "2421"]
[PlyCount "75"]
[EventDate "2005.03.16"]
[EventType "swiss"]
[EventRounds "9"]
[EventCountry "RUS"]
[SourceTitle "CBM 105 Extra"]
[Source "ChessBase"]
[SourceDate "2005.05.01"]
[SourceVersion "1"]
[SourceVersionDate "2005.05.01"]
[SourceQuality "1"]

1. d4 Nf6 2. c4 g6 3. Nc3 d5 4. cxd5 Nxd5 5. e4 Nxc3 6. bxc3 Bg7 7. Bc4 c5 8. Ne2 Nc6 9. Be3 0-0 10. 0-0 Qc7 11. Rc1 Rd8 12. Bf4 Qd7 13. d5 Na5 14. Bd3 b5 15. Be3 e6 16. Nf4 e5 17. Ne2 c4 18. Bb1 Qe7 19. f4 exf4 20. Bd4 Bg4 21. Bxg7 Kxg7 22. Qd4+ Kg8 23. Nxf4 Nc6 24. Qe3 Ne5 25. Qg3 Kh8 26. Ne6 fxe6 27. Qxe5+ Qg7 28. Qg3 Be2 29. Rf2 Bd3 30. dxe6 Re8 31. Bxd3 cxd3 32. Rf7 Qh6 33. Rcf1 Rxe6 34. Qxd3 Rae8 35. Qxb5 Qe3+ 36. Kh1 Rxe4 37. h3 Qe2 38. Qg5 1-0

[Event "Privolzhskogo FO-ch"]
[Site "Izhevsk"]
[Date "2005.03.16"]
[Round "1"]
[White "Nozdrin, Alexander V"]
[Black "Grebionkin, Vladimir"]
[Result "0-1"]
[WhiteElo "2185"]
[BlackElo "2421"]
[PlyCount "90"]
[EventDate "2005.03.16"]
[EventType "swiss"]
[EventRounds "9"]
[EventCountry "RUS"]
[SourceTitle "CBM 105 Extra"]
[Source "ChessBase"]
[SourceDate "2005.05.01"]
[SourceVersion "1"]
[SourceVersionDate "2005.05.01"]
[SourceQuality "1"]

1. e4 c5 2. Nf3 Nc6 3. d4 cxd4 4. Nxd4 Nf6 5. Nc3 e5 6. Nf5 d5 7. exd5 Bxf5 8. dxc6 bxc6 9. Qf3 Qd7 10. Bd3 e4 11. Qe2 Bb4 12. 0-0 Bxc3 13. bxc3 0-0 14. Bc4 Bg4 15. Qd2 Qe7 16. Qg5 Be6 17. Bb3 a5 18. Be3 h6 19. Qe5 Rfe8 20. Ba4 Qa3 21. Bxc6 Bd7 22. Qb5 Reb8 23. Bb6 Qd6 24. Bxd7 Rxb6 25. Rfd1 Qc7 26. Qa4 Qxc3 27. h3 Rb4 28. Qc6 Qxc6 29. Bxc6 Rc8 30. Rd6 Rb6 31. Bd7 Rxd6 32. Bxc8 Rc6 33. Bb7 Rc7 34. Ba8 Rxc2 35. a3 Rc3 36. Kf1 Kf8 37. Ke2 Rc8 38. Bb7 Rb8 39. Rb1 Nd5 40. Kf1 f5 41. g4 fxg4 42. hxg4 g5 43. Rb5 Nf6 44. Rf5 Kg7 45. Ba6 Kg6 0-1

[Event "RUS Cup Qualifier 5"]
[Site "chessassistantclub.com INT"]
[Date "2004.12.24"]
[Round "?"]
[White "Grebionkin, Vladimir"]
[Black "Tunik, Gennady"]
[Result "0-1"]
[WhiteElo "2423"]
[BlackElo "2505"]
[PlyCount "98"]
[EventDate "2004.12.24"]
[EventType "swiss (blitz)"]
[EventRounds "13"]
[EventCountry "RUS"]
[SourceTitle "CBM 104 Extra"]
[Source "ChessBase"]
[SourceDate "2005.03.01"]
[SourceVersion "1"]
[SourceVersionDate "2005.03.01"]
[SourceQuality "1"]

1. d4 Nf6 2. c4 e6 3. Nc3 Bb4 4. Qc2 c5 5. dxc5 Qc7 6. Nf3 Bxc5 7. Bg5 Be7 8. e4 d6 9. Be2 a6 10. 0-0 b6 11. Rac1 Bb7 12. Be3 Nbd7 13. Nd4 Rc8 14. f3 Qb8 15. Qd2 0-0 16. Kh1 Bd8 17. Bg1 Kh8 18. a3 Ne5 19. Na4 Bc7 20. Rc2 Ng6 21. Rb1 h5 22. b4 Rfd8 23. Qc1 h4 24. c5 dxc5 25. bxc5 Bf4 26. Qf1 b5 27. Nb6 Rc7 28. a4 h3 29. axb5 hxg2+ 30. Qxg2 axb5 31. Nxb5 Rc6 32. Nd4 Qc7 33. Nxc6 Bxc6 34. Nc4 Bh6 35. Nd6 Nf4 36. Qf2 Qe7 37. Rd1 Nd7 38. Qg3 Ne5 39. Be3 Neg6 40. Nxf7+ Qxf7 41. Rxd8+ Kh7 42. Rd6 Ba4 43. Rcd2 Qf6 44. Bf1 Qa1 45. Qf2 Nh3 46. Qe2 Bxe3 47. Ra2 Qc1 48. Qc4 Qe1 49. Qxa4 Qxf1# 0-1

[Event "RUS Cup Qualifier 5"]
[Site "chessassistantclub.com INT"]
[Date "2004.12.24"]
[Round "?"]
[White "Grebionkin, Vladimir"]
[Black "Vlassov, Nikolai"]
[Result "1/2-1/2"]
[WhiteElo "2423"]
[BlackElo "2492"]
[PlyCount "189"]
[EventDate "2004.12.24"]
[EventType "swiss (blitz)"]
[EventRounds "13"]
[EventCountry "RUS"]
[SourceTitle "CBM 104 Extra"]
[Source "ChessBase"]
[SourceDate "2005.03.01"]
[SourceVersion "1"]
[SourceVersionDate "2005.03.01"]
[SourceQuality "1"]

1. d4 Nf6 2. c4 e6 3. Nc3 Bb4 4. Qc2 Nc6 5. Nf3 d6 6. a3 Bxc3+ 7. Qxc3 a5 8. b3 0-0 9. e3 Qe7 10. Be2 Re8 11. 0-0 e5 12. dxe5 dxe5 13. h3 Bf5 14. Bb2 Ne4 15. Qc1 Nc5 16. Qc3 Ne4 17. Qc1 Nc5 18. Qc3 f6 19. Rfd1 Ne4 20. Qe1 Nc5 21. Qc3 Ne4 22. Qe1 Qc5 23. Rd5 Qe7 24. Rad1 Be6 25. R5d3 Nc5 26. Rc3 Ne4 27. Rcd3 a4 28. b4 Rad8 29. Rxd8 Rxd8 30. c5 Bb3 31. Rxd8+ Qxd8 32. Qc1 Qd5 33. Ne1 Qd2 34. Qxd2 Nxd2 35. Nf3 Nc4 36. Bxc4+ Bxc4 37. Nd2 Bd3 38. f4 e4 39. g4 Kf7 40. Kf2 g6 41. Kg3 f5 42. Kh4 Ne7 43. Kg5 fxg4 44. hxg4 Ng8 45. f5 h6+ 46. Kf4 g5+ 47. Kg3 Ne7 48. Be5 Nd5 49. Bd4 b5 50. cxb6 cxb6 51. Kh3 b5 52. Kg3 Ne7 53. Bc5 Nd5 54. Bd4 Nf6 55. Bc5 Be2 56. Bd4 Nxg4 57. Nxe4 Kg8 58. Nf6+ Nxf6 59. Bxf6 Kf7 60. Bd4 h5 61. e4 h4+ 62. Kf2 Bd3 63. Be3 Bxe4 64. Bxg5 Bxf5 65. Bxh4 Ke6 66. Ke3 Kd5 67. Kd2 Kc4 68. Be7 Kb3 69. Kc1 Kxa3 70. Bd6 Kb3 71. Be7 a3 72. Bd6 a2 73. Be5 Kxb4 74. Bb2 Kb3 75. Ba1 b4 76. Bb2 Kc4 77. Ba1 Kb3 78. Bb2 a1Q+ 79. Bxa1 Ka2 80. Bb2 b3 81. Bd4 b2+ 82. Bxb2 Kb3 83. Bd4 Kc4 84. Be5 Kd5 85. Bg3 Ke6 86. Bf2 Kd5 87. Be3 Ke6 88. Bd2 Kd5 89. Bc3 Ke6 90. Bd2 Kd5 91. Be3 Ke6 92. Bf2 Kd5 93. Bg3 Ke6 94. Bh2 Kd5 95. Bg3 1/2-1/2

[Event "RUS Cup Qualifier 5"]
[Site "chessassistantclub.com INT"]
[Date "2004.12.24"]
[Round "?"]
[White "Smirnov, Pavel"]
[Black "Grebionkin, Vladimir"]
[Result "1-0"]
[WhiteElo "2620"]
[BlackElo "2423"]
[PlyCount "71"]
[EventDate "2004.12.24"]
[EventType "swiss (blitz)"]
[EventRounds "13"]
[EventCountry "RUS"]
[SourceTitle "CBM 104 Extra"]
[Source "ChessBase"]
[SourceDate "2005.03.01"]
[SourceVersion "1"]
[SourceVersionDate "2005.03.01"]
[SourceQuality "1"]

1. e4 c5 2. Nf3 Nc6 3. d4 cxd4 4. Nxd4 Nf6 5. Nc3 e5 6. Ndb5 d6 7. Bg5 a6 8. Na3 b5 9. Bxf6 gxf6 10. Nd5 f5 11. Bd3 Be6 12. 0-0 Bxd5 13. exd5 Ne7 14. Qh5 e4 15. Be2 Qd7 16. Rad1 Rc8 17. c4 b4 18. Nc2 Bg7 19. b3 a5 20. Ne3 0-0 21. g3 f4 22. gxf4 f5 23. Kh1 Ng6 24. Ng2 Rf6 25. f3 e3 26. Rd3 Re8 27. Qg5 Kh8 28. Re1 Rg8 29. Rxe3 Nf8 30. Bf1 Qa7 31. Re7 Qd4 32. c5 dxc5 33. d6 Qxd6 34. Bc4 Rg6 35. Qh5 Rh6 36. Qf7 1-0

[Event "RUS Cup Qualifier 4"]
[Site "chessassistantclub.com INT"]
[Date "2004.11.25"]
[Round "?"]
[White "Gajsin, Evgenij"]
[Black "Grebionkin, Vladimir"]
[Result "0-1"]
[WhiteElo "2400"]
[BlackElo "2462"]
[PlyCount "138"]
[EventDate "2004.11.25"]
[EventType "swiss (blitz)"]
[EventRounds "13"]
[EventCountry "RUS"]
[SourceTitle "CBM 103 Extra"]
[Source "ChessBase"]
[SourceDate "2005.01.01"]
[SourceVersion "1"]
[SourceVersionDate "2005.01.01"]
[SourceQuality "1"]

1. e4 c5 2. Nf3 Nc6 3. d4 cxd4 4. Nxd4 Nf6 5. Nc3 e5 6. Ndb5 d6 7. a4 a6 8. Na3 Be6 9. Bg5 Qb6 10. Rb1 Qb4 11. Bd3 Be7 12. 0-0 0-0 13. Bxf6 Bxf6 14. Nd5 Bxd5 15. exd5 Ne7 16. c3 Qc5 17. Bc4 Bg5 18. Qg4 h6 19. Bb3 Nxd5 20. h4 Be7 21. Qd7 Qc7 22. Qxc7 Nxc7 23. g3 d5 24. Nc2 Bc5 25. Rbd1 Rad8 26. Ba2 h5 27. Kg2 g6 28. f4 f6 29. f5 Kg7 30. fxg6 Kxg6 31. Bb1 f5 32. Ne1 e4 33. Nc2 Kf6 34. Ba2 Ke5 35. a5 d4 36. cxd4+ Bxd4 37. Nxd4 Rxd4 38. Rxd4 Kxd4 39. Rd1+ Kc5 40. Rd7 Kc6 41. Rh7 Nb5 42. Rxh5 Nd4 43. Rh6+ Kc5 44. Bb1 e3 45. Bd3 e2 46. Bxe2 Nxe2 47. Rh7 Kc6 48. Kf3 Nd4+ 49. Kf4 Ne2+ 50. Kf3 Nc1 51. Rh6+ Kb5 52. Rb6+ Kxa5 53. Rxb7 Nd3 54. h5 Rh8 55. Rb3 Nc5 56. Rc3 Kb5 57. Kf4 Rxh5 58. Re3 Na4 59. Re5+ Kb4 60. g4 Rh1 61. gxf5 Rf1+ 62. Kg5 Nxb2 63. f6 Nc4 64. Rf5 Rxf5+ 65. Kxf5 Nd6+ 66. Ke6 Ne4 67. f7 Ng5+ 68. Kf6 Nxf7 69. Kxf7 a5 0-1

[Event "RUS Cup Qualifier 4"]
[Site "chessassistantclub.com INT"]
[Date "2004.11.25"]
[Round "?"]
[White "Grebionkin, Vladimir"]
[Black "Savchenko, Boris"]
[Result "1-0"]
[WhiteElo "2462"]
[BlackElo "2488"]
[PlyCount "77"]
[EventDate "2004.11.25"]
[EventType "swiss (blitz)"]
[EventRounds "13"]
[EventCountry "RUS"]
[SourceTitle "CBM 103 Extra"]
[Source "ChessBase"]
[SourceDate "2005.01.01"]
[SourceVersion "1"]
[SourceVersionDate "2005.01.01"]
[SourceQuality "1"]

1. d4 Nf6 2. c4 e5 3. dxe5 Ng4 4. Nc3 Nc6 5. e3 Ngxe5 6. Nh3 Bb4 7. Bd2 d6 8. Nf4 Bg4 9. Qc2 0-0 10. a3 Bxc3 11. Bxc3 Re8 12. h3 Be6 13. Nxe6 Rxe6 14. 0-0-0 Qe8 15. h4 a5 16. h5 h6 17. Be2 Nd7 18. g4 Qe7 19. g5 hxg5 20. Rdg1 Nc5 21. h6 gxh6 22. Bg4 Ne4 23. Bxe6 Qxe6 24. Rxh6 Qxh6 25. Qxe4 Qg6 26. Rh1 Ne5 27. Bxe5 dxe5 28. Qxe5 Qg7 29. Qd5 c6 30. Qd7 b5 31. Qxc6 Rb8 32. cxb5 Qe5 33. Kb1 Rxb5 34. Qc8+ Kg7 35. Qh8+ Kg6 36. Rh6+ Kf5 37. Qh7+ Kg4 38. Qc2 f5 39. Qe2# 1-0

[Event "RUS Cup Qualifier 4"]
[Site "chessassistantclub.com INT"]
[Date "2004.11.25"]
[Round "8"]
[White "Kharlov, Andrei"]
[Black "Grebionkin, Vladimir"]
[Result "1/2-1/2"]
[WhiteElo "2613"]
[BlackElo "2421"]
[PlyCount "118"]
[EventDate "2004.11.25"]
[EventType "swiss (blitz)"]
[EventRounds "13"]
[EventCountry "RUS"]
[SourceTitle "CBM 103 Extra"]
[Source "ChessBase"]
[SourceDate "2005.01.01"]
[SourceVersion "1"]
[SourceVersionDate "2005.01.01"]
[SourceQuality "1"]

1. e4 c5 2. c3 Nf6 3. d3 Nc6 4. f4 e6 5. Nf3 d6 6. g3 Be7 7. Bg2 0-0 8. 0-0 Rb8 9. a4 a6 10. h3 b5 11. g4 Nd7 12. axb5 axb5 13. Nbd2 Bb7 14. f5 Nce5 15. Nxe5 Nxe5 16. Nf3 Nxf3+ 17. Qxf3 Ra8 18. Rxa8 Bxa8 19. Bf4 e5 20. Be3 Bg5 21. Ra1 Bc6 22. Ra6 Bxe3+ 23. Qxe3 Qc8 24. Ra5 f6 25. Qc1 Qb7 26. Qa1 Ra8 27. b4 h6 28. Kf2 Kh7 29. Bf3 cxb4 30. cxb4 Rxa5 31. Qxa5 d5 32. Qd8 dxe4 33. dxe4 Bxe4 34. Bxe4 Qxe4 35. Qe8 Qd4+ 36. Kg2 Qxb4 37. Qg6+ Kg8 38. Qe8+ Qf8 39. Qxb5 h5 40. Qd5+ Qf7 41. Qd8+ Kh7 42. Qc8 Qd5+ 43. Kg3 Qd3+ 44. Kg2 Qe4+ 45. Kg3 Qf4+ 46. Kh4 Qg5+ 47. Kg3 h4+ 48. Kf3 Qf4+ 49. Ke2 e4 50. Qe8 Qf3+ 51. Ke1 Qc3+ 52. Ke2 Qd3+ 53. Ke1 Qe3+ 54. Kf1 Qg5 55. Ke2 Qf4 56. Qh5+ Kg8 57. Qe8+ Kh7 58. Qh5+ Kg8 59. Qe8+ Kh7 1/2-1/2

[Event "RUS Cup Qualifier 3"]
[Site "chessassistantclub.com INT"]
[Date "2004.10.21"]
[Round "?"]
[White "Grebionkin, Vladimir"]
[Black "Moskvin, Vladimir"]
[Result "0-1"]
[WhiteElo "2462"]
[BlackElo "2572"]
[PlyCount "128"]
[EventDate "2004.10.21"]
[EventType "swiss (blitz)"]
[EventRounds "13"]
[EventCountry "RUS"]
[SourceTitle "EXT 2006"]
[Source "ChessBase"]
[SourceDate "2005.11.24"]
[SourceVersion "1"]
[SourceVersionDate "2005.11.24"]
[SourceQuality "1"]

1. d4 d5 2. c4 c6 3. Nc3 Nf6 4. e3 e6 5. Nf3 a6 6. Qc2 c5 7. dxc5 Bxc5 8. a3 dxc4 9. Bxc4 b5 10. Bd3 Bb7 11. Nxb5 Nbd7 12. Nc3 0-0 13. Be2 Rc8 14. 0-0 Bd6 15. Rd1 Qc7 16. h3 Qb8 17. Bd2 Nc5 18. Be1 Rfd8 19. Rac1 h6 20. b4 Nce4 21. Qb2 Ng5 22. Nxg5 hxg5 23. Na4 Rxc1 24. Qxc1 Qa8 25. Bf1 g4 26. Nb6 Qb8 27. Nc4 Bh2+ 28. Kh1 Rxd1 29. Qxd1 gxh3 30. f4 Bxf4 31. exf4 Qxf4 32. Qd8+ Kh7 33. Qd3+ Kg8 34. Qxh3 Qxf1+ 35. Kh2 Qxc4 36. Qc3 Qxc3 37. Bxc3 Nd5 38. Bd2 Bc6 39. Kg3 f6 40. Kf2 Kf7 41. g3 g5 42. Ke2 Kg6 43. Kd3 Kf5 44. Kd4 Kg4 45. Kc5 Ba4 46. Kd6 Kxg3 47. Kxe6 Bb3 48. Kf5 g4 49. Ke4 Ne7 50. Bc3 f5+ 51. Kd3 f4 52. Be5 Ng6 53. Bd6 Kf3 54. Kc3 Ba4 55. Kd4 g3 56. Kd5 g2 57. Bc5 Ke2 58. Ke6 f3 59. Kf5 Bc2+ 60. Kf6 f2 61. a4 f1Q+ 62. Kg7 Ne5 63. b5 Qf7+ 64. Kh6 Qg6# 0-1

[Event "RUS Cup Qualifier 3"]
[Site "chessassistantclub.com INT"]
[Date "2004.10.21"]
[Round "?"]
[White "Vlassov, Nikolai"]
[Black "Grebionkin, Vladimir"]
[Result "1-0"]
[WhiteElo "2466"]
[BlackElo "2462"]
[PlyCount "183"]
[EventDate "2004.10.21"]
[EventType "swiss (blitz)"]
[EventRounds "13"]
[EventCountry "RUS"]
[SourceTitle "EXT 2006"]
[Source "ChessBase"]
[SourceDate "2005.11.24"]
[SourceVersion "1"]
[SourceVersionDate "2005.11.24"]
[SourceQuality "1"]

1. e4 c5 2. c3 Nf6 3. e5 Nd5 4. d4 cxd4 5. cxd4 d6 6. Nf3 Nc6 7. Bc4 Nb6 8. Bb3 dxe5 9. d5 Nb4 10. Nc3 e6 11. Bg5 f6 12. Nxe5 fxg5 13. Qh5+ g6 14. Nxg6 hxg6 15. Qxh8 N4xd5 16. h4 gxh4 17. Ne4 Qe7 18. 0-0-0 Bd7 19. Kb1 0-0-0 20. Qxh4 Qxh4 21. Rxh4 Bc6 22. Rdh1 a5 23. a3 a4 24. Bc2 Ne7 25. Rg4 Nc4 26. Nc5 Ne5 27. Rg5 Nf5 28. Nxe6 Re8 29. Nf4 Bh6 30. Bxf5+ gxf5 31. Rxh6 Be4+ 32. Kc1 Kb8 33. f3 Rc8+ 34. Kd2 Nc4+ 35. Kc3 Bb1 36. Kd4 Nd2 37. Rgh5 Ka7 38. Rh7 Rd8+ 39. Ke5 Nc4+ 40. Kf6 Rd6+ 41. Ne6 Ba2 42. Re7 Ne3 43. Rhh7 Nd5+ 44. Ke5 Rd8 45. Rxb7+ Ka8 46. Ra7+ Kb8 47. Rhb7+ Kc8 48. Nc5 Re8+ 49. Kxf5 Ne7+ 50. Rxe7 Rxe7 51. Rxe7 Bd5 52. Ke5 Bc4 53. Kd6 Bb5 54. f4 Kb8 55. f5 Ka8 56. f6 Be8 57. Rxe8+ Ka7 58. Re7+ Kb6 59. f7 Ka5 60. f8Q Kb6 61. g4 Kb5 62. g5 Kc4 63. g6 Kd4 64. g7 Kc4 65. g8Q+ Kd4 66. Nxa4 Kd3 67. Nc5+ Kd4 68. Ne6+ Ke4 69. a4 Kd3 70. a5 Kc4 71. a6 Kd3 72. a7 Kc4 73. a8Q Kd3 74. b4 Kc4 75. Qab8 Kb3 76. b5 Kc4 77. b6 Kc3 78. b7 Kc4 79. Qbc8+ Kd3 80. b8Q Kd2 81. Qfd8 Ke3 82. Qge8 Ke4 83. Rf7 Ke3 84. Rf8 Ke4 85. Ke7 Ke3 86. Kf7 Kf3 87. Rg8 Ke4 88. Kg7 Kf5 89. Kh8 Ke4 90. Nf8+ Kf3 91. Qf7+ Ke2 92. Qde7+ 1-0

[Event "RUS Cup Qualifier 2"]
[Site "chessassistantclub.com INT"]
[Date "2004.09.30"]
[Round "?"]
[White "Grebionkin, Vladimir"]
[Black "Poluljahov, Aleksandr"]
[Result "1/2-1/2"]
[WhiteElo "2462"]
[BlackElo "2516"]
[PlyCount "126"]
[EventDate "2004.09.30"]
[EventType "swiss (blitz)"]
[EventRounds "13"]
[EventCountry "RUS"]
[SourceTitle "EXT 2006"]
[Source "ChessBase"]
[SourceDate "2005.11.24"]
[SourceVersion "1"]
[SourceVersionDate "2005.11.24"]
[SourceQuality "1"]

1. d4 Nf6 2. c4 c5 3. d5 b5 4. Nd2 bxc4 5. e4 c3 6. bxc3 d6 7. Bb5+ Nbd7 8. Ngf3 g6 9. 0-0 Rb8 10. a4 a6 11. Bc6 Bg7 12. Qc2 0-0 13. Nc4 Nb6 14. Nfd2 e6 15. Nxb6 Qxb6 16. Nc4 Qc7 17. Bd2 exd5 18. Bxd5 Nxd5 19. exd5 Bf5 20. Qa2 Bd3 21. Rfe1 Rfd8 22. Rac1 Qb7 23. Na5 Qb2 24. Qxb2 Rxb2 25. Bf4 Bf8 26. h3 c4 27. Nc6 Ra8 28. Nb4 Bf5 29. a5 h6 30. g4 Bd7 31. Rb1 Rxb1 32. Rxb1 g5 33. Be3 f5 34. f3 f4 35. Bd4 Bb5 36. Re1 Kf7 37. Re6 Re8 38. Rxe8 Kxe8 39. Kf2 Kf7 40. Kg2 Be7 41. Kf2 Bd8 42. Bb6 Bf6 43. Bd4 Bxd4+ 44. cxd4 c3 45. Ke1 Kf6 46. Kd1 Bf1 47. Kc2 Bxh3 48. Nxa6 Bf1 49. Nb4 h5 50. gxh5 g4 51. fxg4 f3 52. Kxc3 f2 53. Nc2 Be2 54. Ne3 Kg5 55. Kd2 Ba6 56. Kd1 Kf4 57. Kd2 Kg5 58. Kd1 Bc4 59. Kd2 Bb5 60. Kd1 Kf4 61. Kd2 Kg5 62. Kd1 Ba6 63. Kd2 Bb5 1/2-1/2

[Event "RUS Cup Qualifier 2"]
[Site "chessassistantclub.com INT"]
[Date "2004.09.30"]
[Round "?"]
[White "Grebionkin, Vladimir"]
[Black "Starosek, Konstantin"]
[Result "0-1"]
[WhiteElo "2462"]
[BlackElo "2488"]
[PlyCount "172"]
[EventDate "2004.09.30"]
[EventType "swiss (blitz)"]
[EventRounds "13"]
[EventCountry "RUS"]
[SourceTitle "EXT 2006"]
[Source "ChessBase"]
[SourceDate "2005.11.24"]
[SourceVersion "1"]
[SourceVersionDate "2005.11.24"]
[SourceQuality "1"]

1. d4 g6 2. c4 f5 3. g3 Bg7 4. Bg2 Nf6 5. Nf3 d6 6. 0-0 0-0 7. Nc3 c6 8. d5 Bd7 9. Rb1 a5 10. b3 Na6 11. Bb2 Nc5 12. Nd4 Qb6 13. e3 cxd5 14. Nxd5 Nxd5 15. Bxd5+ e6 16. Bg2 Rad8 17. Ne2 Bxb2 18. Rxb2 Bc6 19. Nf4 Bxg2 20. Kxg2 Qc6+ 21. f3 g5 22. Nd3 g4 23. Nf4 gxf3+ 24. Qxf3 Qd7 25. Rd1 Qf7 26. Nd3 Ne4 27. Nf2 Qg7 28. Rc2 Ng5 29. Qe2 b5 30. Rcd2 bxc4 31. Rxd6 Qb7+ 32. Kf1 Rxd6 33. Rxd6 cxb3 34. axb3 Qxb3 35. h4 Nf7 36. Rd7 Ne5 37. Ra7 a4 38. Qh5 Nf7 39. Qe2 Rc8 40. Qh5 Rf8 41. Qe2 a3 42. Qd3 Qb8 43. Qxa3 Qxg3 44. h5 Re8 45. Qa4 Rf8 46. Qa3 Qe5 47. Ke2 Qb5+ 48. Ke1 Qd5 49. Ke2 Rd8 50. Qe7 Qc4+ 51. Ke1 Qc1+ 52. Ke2 Rd2+ 53. Kf3 Qc6+ 54. Kg3 Qd6+ 55. Qxd6 Nxd6 56. Nh3 Ne4+ 57. Kf3 e5 58. h6 Rh2 59. Rg7+ Kh8 60. Rf7 Rxh3+ 61. Kg2 Rg3+ 62. Kh2 Rg6 63. Rf8+ Rg8 64. Rxf5 Ng5 65. Kg2 e4 66. Kf2 Nh3+ 67. Ke2 Rg2+ 68. Kd1 Kg8 69. Re5 Ng5 70. Rf5 Rg3 71. Ke2 Rg4 72. Re5 Kf7 73. Rf5+ Kg6 74. Rf8 Kxh6 75. Rg8 Kh5 76. Rg7 Kh4 77. Kf1 h5 78. Rg6 Kh3 79. Ke2 h4 80. Rh6 Kg3 81. Kd2 h3 82. Kc3 h2 83. Kd4 Kg2 84. Rxh2+ Kxh2 85. Ke5 Kg3 86. Kf5 Kf3 0-1